| 000 | 00509nam a2200181 a 4500 | ||
|---|---|---|---|
| 001 | 000048121 | ||
| 005 | 20201002060932.0 | ||
| 008 | 181116s2012 dr a 000 0 spa d | ||
| 020 | _a9781480256149 | ||
| 040 |
_aDO-SdBNP _bspa _cBNPHU |
||
| 082 |
_axxxx _bA658u |
||
| 100 | 1 |
_aAracena, Mercedes _975603 |
|
| 245 | 1 | 3 |
_aUn punto para ti / _cMercedes Aracena. |
| 250 | _a2a ed. | ||
| 260 |
_aEstados Unidos de América : _bs. n., _c2012. |
||
| 300 |
_a99 p. : _bil. ; _c18 cm. |
||
| 590 | _aInventariado, 2018/LP | ||
| 999 |
_c47609 _d47609 |
||